[Event "Turkey Cup 2020"]
[Site "Antalya-Belek"]
[Date "2020.01.30"]
[Round "7.95"]
[White "Yalcindag, Hakan"]
[Black "Nay, Ali Dogan"]
[Result "1/2-1/2"]
[WhiteElo "1488"]
[BlackElo "1260"]
[Annotator "NA"]
[PlyCount "117"]
[EventDate "2020.01.26"]
[EventType "swiss"]
[EventCountry "TUR"]
[SourceTitle "playchess.com"]
[Source "ChessBase"]
[SourceQuality "1"]

1. c4 Nf6 2. g3 c5 3. Bg2 g6 4. Nc3 Bg7 5. e3 O-O 6. Nf3 Nc6 7. d4 d6 8. O-O a6 9. Re1 Qc7 10. a3 Bf5 11. b3 Rab8 12. Bb2 b5 13. cxb5 axb5 14. Rc1 c4 15. b4 e5 16. d5 Ne7 17. e4 Bd7 18. Rc2 Ne8 19. Bc1 h6 20. Be3 f5 21. Qd2 fxe4 22. Nxe4 Nf5 23. Rc3 Nxe3 24. Qxe3 Bf5 25. Nh4 Qf7 26. Rd1 Kh7 27. h3 Bf6 28. Nf3 Bxe4 29. Qxe4 Bg7 30. Qh4 Bf6 31. Qe4 Bg7 32. Re3 Nf6 33. Qc2 Ng8 34. Nh4 Bf6 35. Nxg6 Kg7 36. Nxf8 Rxf8 37. Be4 Qh5 38. Kg2 Bg5 39. Rf3 Nf6 40. Re1 Bd2 41. g4 Qg5 42. Rf5 Bxe1 43. Rxg5+ hxg5 44. Bf3 c3 45. Qf5 Bd2 46. Bd1 Nxd5 47. Qd7+ Rf7 48. Qxd6 Nf4+ 49. Kg3 Ng6 50. Bc2 Rf6 51. Qd7+ Rf7 52. Qxb5 Nh4 53. Qxe5+ Kg8 54. Qe8+ Kg7 55. Qe5+ Kg8 56. Qe8+ Kg7 57. Kh2 Rxf2+ 58. Kg1 Rg2+ 59. Kf1 1/2-1/2

[Event "Turkey Cup 2020"]
[Site "Antalya-Belek"]
[Date "2020.01.30"]
[Round "7.96"]
[White "Onem, Cem"]
[Black "Yavic, Adnan"]
[Result "0-1"]
[WhiteElo "1805"]
[BlackElo "1590"]
[Annotator "NA RC"]
[PlyCount "55"]
[EventDate "2020.01.26"]
[EventType "swiss"]
[EventCountry "TUR"]
[SourceTitle "playchess.com"]
[Source "ChessBase"]
[SourceQuality "1"]

1. d4 Nf6 2. c4 e6 3. Nf3 d5 4. e3 c6 5. Bd3 Nbd7 6. O-O Bd6 7. Nc3 dxc4 8. Bxc4 O-O 9. e4 b5 10. Bd3 e5 11. a3 exd4 12. Nxd4 Nc5 13. Bc2 Qb6 14. b4 Nb7 15. Nf3 Bg4 16. h3 Be5 17. Bb2 Rad8 18. Qe2 Bxf3 19. Qxf3 Rd2 20. Rac1 c5 21. Nd5 Rxd5 22. exd5 Bxb2 23. Rcd1 Bd4 24. bxc5 Bxc5 25. g4 Qd6 26. Qd3 Qf4 27. Kg2 Nd6 28. Rfe1 0-1

[Event "Turkey Cup 2020"]
[Site "Antalya-Belek"]
[Date "2020.01.30"]
[Round "7.98"]
[White "Dinler, Oral"]
[Black "Unal, Yusuf Evcim"]
[Result "0-1"]
[WhiteElo "1616"]
[BlackElo "1680"]
[Annotator "NA RC"]
[PlyCount "64"]
[EventDate "2020.01.26"]
[EventType "swiss"]
[EventCountry "TUR"]
[SourceTitle "playchess.com"]
[Source "ChessBase"]
[SourceQuality "1"]

1. d4 c5 2. dxc5 e6 3. e4 Bxc5 4. Nf3 Nc6 5. Nc3 Nge7 6. Bc4 O-O 7. O-O f5 8. e5 Ng6 9. Re1 Qb6 10. Re2 Qc7 11. Nb5 Qb8 12. Nd6 Ngxe5 13. Nxe5 Nxe5 14. Rxe5 Bxd6 15. Re3 Bxh2+ 16. Kh1 Bf4 17. Rh3 Bxc1 18. Rxc1 Qf4 19. Qf1 d5 20. Bb3 Bd7 21. Re1 Rf6 22. Ree3 a5 23. Qd3 d4 24. Ref3 Qc1+ 25. Kh2 Bc6 26. Rxf5 Rg6 27. f3 a4 28. Rfh5 axb3 29. Rxh7 Qf4+ 30. Kh1 Kf7 31. Qxb3 Qg5 32. g4 Qxg4 0-1

[Event "Turkey Cup 2020"]
[Site "Antalya-Belek"]
[Date "2020.01.30"]
[Round "7.99"]
[White "Gunebakan, Yunus Emre"]
[Black "Pek, Efe Can"]
[Result "1/2-1/2"]
[WhiteElo "1402"]
[BlackElo "1602"]
[Annotator "NA RC"]
[PlyCount "79"]
[EventDate "2020.01.26"]
[EventType "swiss"]
[EventCountry "TUR"]
[SourceTitle "playchess.com"]
[Source "ChessBase"]
[SourceQuality "1"]

1. e4 e5 2. Nf3 Nf6 3. d4 Nxe4 4. Bd3 d5 5. Nxe5 Be7 6. O-O O-O 7. Nd2 Nxd2 8. Bxd2 Nd7 9. Nxd7 Qxd7 10. Re1 Bf6 11. c3 Qd6 12. Qh5 g6 13. Qf3 Bg7 14. Bf4 Qd8 15. Be5 Be6 16. Bxg7 Kxg7 17. Re5 b6 18. Rc1 Qd6 19. h4 f6 20. Re3 Rae8 21. h5 Bf7 22. hxg6 Rxe3 23. Qxe3 Re8 24. Qd2 hxg6 25. g3 c5 26. Re1 Rxe1+ 27. Qxe1 Qd7 28. Qd1 Be6 29. Be2 Bf5 30. Bd3 c4 31. Bxf5 Qxf5 32. Kg2 Kf7 33. Qa4 a5 34. Qc6 Qe4+ 35. Kh2 Qe6 36. Qxe6+ Kxe6 37. Kh3 Kf5 38. f3 Kg5 39. Kg2 a4 40. Kf2 1/2-1/2

[Event "Turkey Cup 2020"]
[Site "Antalya-Belek"]
[Date "2020.01.30"]
[Round "7.100"]
[White "Anacak, Hasan Gunes"]
[Black "Seb, Ozgur"]
[Result "1-0"]
[WhiteElo "1677"]
[BlackElo "1573"]
[Annotator "NA RC"]
[PlyCount "83"]
[EventDate "2020.01.26"]
[EventType "swiss"]
[EventCountry "TUR"]
[SourceTitle "playchess.com"]
[Source "ChessBase"]
[SourceQuality "1"]

1. e4 c6 2. d4 d6 3. Nc3 g6 4. f4 Bg7 5. Be3 Nf6 6. Nf3 O-O 7. Bd3 b5 8. Qd2 Ng4 9. Bg1 e5 10. dxe5 dxe5 11. h3 Nf6 12. Nxe5 Nfd7 13. Nxd7 Nxd7 14. e5 Re8 15. O-O-O Qa5 16. Kb1 Rb8 17. Ne4 b4 18. Nd6 Rf8 19. Nc4 Qc7 20. h4 a5 21. h5 a4 22. hxg6 fxg6 23. Nd6 Nb6 24. Bxb6 Rxb6 25. Bc4+ Kh8 26. Nf7+ Rxf7 27. Bxf7 Qxf7 28. Qd8+ Bf8 29. Qxb6 b3 30. cxb3 a3 31. Qxc6 Bf5+ 32. Ka1 axb2+ 33. Kxb2 Be7 34. Rhf1 h5 35. a4 Be6 36. Qb5 Qf8 37. a5 Qa8 38. Rd2 Qc8 39. a6 Bc5 40. Qb7 Qf8 41. a7 Ba3+ 42. Ka2 1-0

[Event "Turkey Cup 2020"]
[Site "Antalya-Belek"]
[Date "2020.01.30"]
[Round "7.101"]
[White "Arslan, Tayfun"]
[Black "Ilcin, Murat Veysi"]
[Result "1-0"]
[WhiteElo "1462"]
[BlackElo "1605"]
[Annotator "NA RC"]
[PlyCount "87"]
[EventDate "2020.01.26"]
[EventType "swiss"]
[EventCountry "TUR"]
[SourceTitle "playchess.com"]
[Source "ChessBase"]
[SourceQuality "1"]

1. e4 e5 2. Nf3 Nc6 3. d4 exd4 4. Nxd4 d6 5. Bc4 Nf6 6. Nc3 Be7 7. O-O O-O 8. a3 Ne5 9. Ba2 c5 10. Nde2 Be6 11. f4 Nc6 12. Qd3 Qb6 13. Nd5 c4+ 14. Qe3 Nxd5 15. exd5 Qxe3+ 16. Bxe3 Bxd5 17. Nc3 Be6 18. f5 Bd7 19. Bxc4 Bf6 20. Nd5 Bxb2 21. Rab1 Bxa3 22. Rxb7 Ne5 23. Bb3 a5 24. Bf4 Bc5+ 25. Kh1 Bc6 26. Ne7+ Kh8 27. Rc7 Bb5 28. Rb1 Ng4 29. h3 Nf6 30. g4 Rab8 31. g5 Nh5 32. Bd2 a4 33. Bd5 Bc6 34. Rxb8 Bxd5+ 35. Nxd5 Rxb8 36. Rxf7 Bd4 37. Bb4 Ng3+ 38. Kg2 Ne4 39. h4 Kg8 40. Re7 Nc5 41. c3 Nd3 42. Bxd6 Rb2+ 43. Kg3 Bf2+ 44. Kh3 1-0

[Event "Turkey Cup 2020"]
[Site "Antalya-Belek"]
[Date "2020.01.30"]
[Round "7.102"]
[White "Arslanargun, Zana"]
[Black "Ersoy, Emre"]
[Result "1-0"]
[WhiteElo "1755"]
[BlackElo "1499"]
[Annotator "NA RC"]
[PlyCount "159"]
[EventDate "2020.01.26"]
[EventType "swiss"]
[EventCountry "TUR"]
[SourceTitle "playchess.com"]
[Source "ChessBase"]
[SourceQuality "1"]

1. d4 e6 2. c4 Nf6 3. Nc3 Bb4 4. Bg5 h6 5. Bxf6 Qxf6 6. Nf3 c5 7. e3 Nc6 8. Be2 O-O 9. O-O Bxc3 10. bxc3 d6 11. e4 e5 12. d5 Na5 13. Nd2 b6 14. Bd3 Ba6 15. Qg4 Qg6 16. Qe2 Qg5 17. g3 g6 18. f4 exf4 19. Rxf4 Qe5 20. Rc1 Rae8 21. Qf3 f5 22. exf5 Qe3+ 23. Qxe3 Rxe3 24. Bf1 gxf5 25. Kf2 Re5 26. Bd3 Rfe8 27. Nf3 Re3 28. Bxf5 Re2+ 29. Kg1 Rxa2 30. Be6+ Kh8 31. Nh4 Nxc4 32. Rcf1 Ne5 33. Rf8+ Rxf8 34. Rxf8+ Kg7 35. Rd8 Bd3 36. Rxd6 b5 37. Rd8 b4 38. cxb4 cxb4 39. d6 Ra1+ 40. Kf2 Kf6 41. Bd5 Bb5 42. Rf8+ Kg7 43. Rb8 a6 44. Nf5+ Kh7 45. Ke3 Rd1 46. Be4 Re1+ 47. Kd4 Nc6+ 48. Bxc6 Bxc6 49. Rxb4 Rd1+ 50. Ke5 Bb5 51. Nd4 Re1+ 52. Kd5 Be8 53. Rb7+ Kg6 54. d7 Bxd7 55. Rxd7 a5 56. Ra7 Rh1 57. Nf3 Rf1 58. Ke4 Ra1 59. Ra6+ Kg7 60. Kf5 Rf1 61. Ra7+ Kf8 62. Ke4 Ra1 63. Rh7 a4 64. Rxh6 a3 65. Ra6 a2 66. Kf4 Ke7 67. h4 Kd7 68. h5 Rh1 69. Rxa2 Rxh5 70. g4 Rb5 71. Re2 Kd6 72. g5 Rb7 73. g6 Rg7 74. Kf5 Rg8 75. Ng5 Kd7 76. Kf6 Rf8+ 77. Nf7 Ra8 78. Rd2+ Kc7 79. g7 Rb8 80. Nh6 1-0

[Event "Turkey Cup 2020"]
[Site "Antalya-Belek"]
[Date "2020.01.30"]
[Round "8.1"]
[White "Isik, Alparslan"]
[Black "Ozen, Deniz"]
[Result "1/2-1/2"]
[WhiteElo "2328"]
[BlackElo "2423"]
[Annotator "NA"]
[PlyCount "40"]
[EventDate "2020.01.26"]
[EventType "swiss"]
[EventCountry "TUR"]
[SourceTitle "playchess.com"]
[Source "ChessBase"]
[SourceQuality "1"]

1. Nf3 Nf6 2. c4 c6 3. e3 d5 4. Nc3 g6 5. d4 Bg7 6. Be2 O-O 7. O-O a6 8. a4 a5 9. b3 Bg4 10. Ba3 Re8 11. cxd5 Bxf3 12. Bxf3 cxd5 13. Qd3 e6 14. Qb5 Qc8 15. Rac1 Nc6 16. Rfd1 Qc7 17. e4 dxe4 18. Nxe4 Nxe4 19. Bxe4 Qf4 20. Bxc6 bxc6 1/2-1/2

[Event "Turkey Cup 2020"]
[Site "Antalya-Belek"]
[Date "2020.01.30"]
[Round "8.2"]
[White "Sevgi, Volkan"]
[Black "Eren, Ataberk"]
[Result "1/2-1/2"]
[WhiteElo "2345"]
[BlackElo "2274"]
[Annotator "NA RC"]
[PlyCount "27"]
[EventDate "2020.01.26"]
[EventType "swiss"]
[EventCountry "TUR"]
[SourceTitle "playchess.com"]
[Source "ChessBase"]
[SourceQuality "1"]

1. Nf3 d5 2. g3 Nf6 3. b3 g6 4. Bb2 Bg7 5. Bg2 O-O 6. d3 c6 7. Nbd2 Bg4 8. h3 Bxf3 9. Nxf3 Nbd7 10. O-O Re8 11. c4 e5 12. cxd5 Nxd5 13. Nd2 a5 14. a3 1/2-1/2

[Event "Turkey Cup 2020"]
[Site "Antalya-Belek"]
[Date "2020.01.30"]
[Round "8.3"]
[White "Yaran, Siar"]
[Black "Kamer, Kayra"]
[Result "1-0"]
[WhiteElo "2248"]
[BlackElo "2348"]
[Annotator "NA"]
[PlyCount "84"]
[EventDate "2020.01.26"]
[EventType "swiss"]
[EventCountry "TUR"]
[SourceTitle "playchess.com"]
[Source "ChessBase"]
[SourceQuality "1"]

1. c4 g6 2. Nc3 Bg7 3. g3 Nf6 4. Bg2 O-O 5. Nf3 c6 6. O-O d6 7. d3 Re8 8. Rb1 a5 9. a3 e5 10. Bg5 h6 11. Bxf6 Bxf6 12. Qd2 Bg7 13. Rfc1 d5 14. cxd5 cxd5 15. e4 d4 16. Nd5 Nc6 17. Qd1 Be6 18. Nd2 f5 19. Rc5 Rc8 20. Rbc1 Rb8 21. Nc4 Rf8 22. Qa4 Qg5 23. Nd6 Qd2 24. R5c2 Qxd3 25. Bf1 Qf3 26. Be2 b5 27. Bxf3 bxa4 28. Rxc6 Bxd5 29. exd5 e4 30. Bd1 Rxb2 31. Nc4 Ra2 32. Bxa4 d3 33. Bb3 Re2 34. d6 Bd4 35. Ne5+ Kg7 36. Rc7+ Kf6 37. Nd7+ Kg5 38. Nxf8 Bxf2+ 39. Kf1 Bb6 40. h4+ Kg4 41. Bd1 Kf3 42. R7c3 e3 1-0

[Event "Turkey Cup 2020"]
[Site "Antalya-Belek"]
[Date "2020.01.30"]
[Round "8.4"]
[White "Kesgin, Halit Kaan"]
[Black "Yilmazyerli, Mert"]
[Result "0-1"]
[WhiteElo "2061"]
[BlackElo "2411"]
[Annotator "TA"]
[PlyCount "60"]
[EventDate "2020.01.26"]
[EventType "swiss"]
[EventCountry "TUR"]
[SourceTitle "playchess.com"]
[Source "ChessBase"]
[SourceQuality "1"]

1. e4 g6 2. d4 Bg7 3. Nf3 d6 4. Bd3 Nc6 5. c3 e5 6. Bg5 Nf6 7. h3 O-O 8. Qd2 exd4 9. cxd4 Qe8 10. Bxf6 Bxf6 11. Bc2 Nxd4 12. Nxd4 c5 13. O-O cxd4 14. Re1 Be6 15. Na3 Rc8 16. Bb3 Qc6 17. Qd3 a6 18. Re2 b5 19. Rc2 Qb7 20. Rac1 Rxc2 21. Nxc2 Bc4 22. Qd2 Qxe4 23. Nb4 Qe2 24. Qxe2 Bxe2 25. Re1 d3 26. Bd1 Bxb2 27. Bxe2 Bc3 28. Nxd3 Bxe1 29. Nxe1 Rc8 30. Bf3 a5 0-1

[Event "Turkey Cup 2020"]
[Site "Antalya-Belek"]
[Date "2020.01.30"]
[Round "8.5"]
[White "Karaoglan, Kivanc"]
[Black "Ozer, Omer Faruk"]
[Result "1-0"]
[WhiteElo "2123"]
[BlackElo "2338"]
[Annotator "TA"]
[PlyCount "69"]
[EventDate "2020.01.26"]
[EventType "swiss"]
[EventCountry "TUR"]
[SourceTitle "playchess.com"]
[Source "ChessBase"]
[SourceQuality "1"]

1. e4 c5 2. Nf3 Nc6 3. Bb5 g6 4. Bxc6 bxc6 5. O-O Bg7 6. Re1 Nh6 7. c3 O-O 8. d4 cxd4 9. cxd4 f6 10. Nc3 Nf7 11. b3 d6 12. Bb2 Ba6 13. Qc2 Rc8 14. Rad1 Qb6 15. Na4 Qb8 16. e5 c5 17. e6 Nh6 18. dxc5 Bb7 19. Qe2 dxc5 20. Ba3 Ng4 21. Nxc5 Bxf3 22. Qxf3 Qxh2+ 23. Kf1 f5 24. Qh3 Qf4 25. Nd3 Qc7 26. Nc5 Qc6 27. Kg1 Rfd8 28. Nd7 Qc2 29. Qf3 Qxa2 30. Bxe7 Re8 31. Bc5 Qa5 32. b4 Qc7 33. g3 a6 34. e7 h5 35. Qb3+ 1-0

[Event "Turkey Cup 2020"]
[Site "Antalya-Belek"]
[Date "2020.01.30"]
[Round "8.6"]
[White "Kul, Ozdemir Efe"]
[Black "Tarlabasi, Emirhan"]
[Result "1/2-1/2"]
[WhiteElo "1979"]
[BlackElo "2274"]
[Annotator "NA RC"]
[PlyCount "115"]
[EventDate "2020.01.26"]
[EventType "swiss"]
[EventCountry "TUR"]
[SourceTitle "playchess.com"]
[Source "ChessBase"]
[SourceQuality "1"]

1. e4 e6 2. d3 d5 3. Nd2 Nf6 4. Ngf3 c5 5. g3 g6 6. Bg2 Bg7 7. O-O O-O 8. Re1 Nc6 9. c3 a5 10. a4 b6 11. Bf1 e5 12. exd5 Nxd5 13. Nc4 Re8 14. Bg2 Ra7 15. Qb3 Bf5 16. Ncxe5 Bxe5 17. Bg5 Nf6 18. Nxe5 Nxe5 19. Bxf6 Qxf6 20. d4 Rae7 21. dxe5 Rxe5 22. Rxe5 Rxe5 23. Qd1 Qe7 24. Bf3 c4 25. h4 h5 26. Qd4 Qe6 27. Rd1 Bd3 28. Kg2 Rf5 29. Qe3 Re5 30. Qd4 Kh7 31. Qf4 Qe8 32. Qd4 Rf5 33. Ra1 Qe6 34. Qe3 Qxe3 35. fxe3 Kg7 36. Rd1 Bc2 37. Rd4 Rc5 38. Be2 b5 39. axb5 Rxb5 40. Bxc4 Rxb2 41. Kf3 Bf5 42. Bd5 Kf6 43. Ra4 Ke5 44. e4 Bg4+ 45. Ke3 Rg2 46. Rxa5 Rxg3+ 47. Kd2 f6 48. Bf7+ Kxe4 49. Bxg6+ f5 50. c4 Rh3 51. c5 Kd5 52. c6+ Kxc6 53. Bxf5 Rh2+ 54. Ke3 Bd1 55. Be4+ Kb6 56. Rd5 Rh3+ 57. Kf2 Bg4 58. Bg2 1/2-1/2

[Event "Turkey Cup 2020"]
[Site "Antalya-Belek"]
[Date "2020.01.30"]
[Round "8.7"]
[White "Yelligedik, Murat"]
[Black "Ozsakallioglu, Okan"]
[Result "1/2-1/2"]
[WhiteElo "2056"]
[BlackElo "2272"]
[Annotator "NA"]
[PlyCount "40"]
[EventDate "2020.01.26"]
[EventType "swiss"]
[EventCountry "TUR"]
[SourceTitle "playchess.com"]
[Source "ChessBase"]
[SourceQuality "1"]

1. e4 c5 2. Nf3 d6 3. d4 cxd4 4. Qxd4 Bd7 5. c4 Nc6 6. Qd2 g6 7. Nc3 Bg7 8. b3 Nf6 9. Bb2 O-O 10. Be2 Qa5 11. Rb1 Bg4 12. O-O Bxf3 13. Bxf3 Nd7 14. g3 a6 15. Rfc1 Nd4 16. Qd1 Ne5 17. Bg2 Nec6 18. a3 Rfc8 19. b4 Qd8 20. Nd5 b5 1/2-1/2

[Event "Turkey Cup 2020"]
[Site "Antalya-Belek"]
[Date "2020.01.30"]
[Round "8.8"]
[White "Kilic, Eray"]
[Black "Yilmaz, Goktan"]
[Result "0-1"]
[WhiteElo "2069"]
[BlackElo "2265"]
[Annotator "NA RC"]
[PlyCount "92"]
[EventDate "2020.01.26"]
[EventType "swiss"]
[EventCountry "TUR"]
[SourceTitle "playchess.com"]
[Source "ChessBase"]
[SourceQuality "1"]

1. Nf3 d5 2. c4 e6 3. d4 Nf6 4. g3 Bb4+ 5. Bd2 Be7 6. Bg2 O-O 7. O-O Nbd7 8. Nc3 c6 9. Bf4 b6 10. Qa4 Bb7 11. Rfd1 a6 12. cxd5 cxd5 13. Rac1 Nh5 14. Ne5 b5 15. Qb3 Nxf4 16. gxf4 Nxe5 17. dxe5 Rc8 18. e3 Qa5 19. f5 Rc4 20. e4 Bg5 21. Rb1 dxe4 22. Ne2 exf5 23. Qg3 Bh6 24. Nd4 Bc8 25. Bh3 f4 26. Qh4 Qb6 27. Nf5 Qg6+ 28. Kh1 Bxf5 29. Rg1 Qe6 30. Bxf5 Qxf5 31. Qxh6 g6 32. Rg5 Qe6 33. Rh5 gxh5 34. Rg1+ Qg6 35. Qxf4 Re8 36. Rxg6+ hxg6 37. Kg2 Re6 38. b3 Rc5 39. Qxe4 Rcxe5 40. Qd4 Rf5 41. a4 bxa4 42. bxa4 Ref6 43. a5 Rxf2+ 44. Kg1 R2f4 45. Qd8+ Kg7 46. h3 h4 0-1

[Event "Turkey Cup 2020"]
[Site "Antalya-Belek"]
[Date "2020.01.30"]
[Round "8.9"]
[White "Citak, Selim"]
[Black "Mecit, Emre"]
[Result "1-0"]
[WhiteElo "2198"]
[BlackElo "2019"]
[Annotator "NA"]
[PlyCount "57"]
[EventDate "2020.01.26"]
[EventType "swiss"]
[EventCountry "TUR"]
[SourceTitle "playchess.com"]
[Source "ChessBase"]
[SourceQuality "1"]

1. Nf3 Nf6 2. c4 g6 3. Nc3 Bg7 4. e4 d6 5. d4 O-O 6. Be2 c5 7. O-O Bg4 8. d5 a6 9. h3 Bc8 10. Be3 b5 11. cxb5 axb5 12. Bxb5 Ba6 13. a4 Nbd7 14. Qc2 Bxb5 15. Nxb5 Ne8 16. Ra2 Nc7 17. Nxc7 Qxc7 18. b4 Qb7 19. b5 f5 20. Rb1 fxe4 21. Qxe4 Nb6 22. Rd1 Rf5 23. a5 Rxd5 24. Rad2 Rxa5 25. Rxd5 Nxd5 26. Qe6+ Kh8 27. Rxd5 Rxb5 28. Ng5 h6 29. Qxg6 1-0

[Event "Turkey Cup 2020"]
[Site "Antalya-Belek"]
[Date "2020.01.30"]
[Round "8.10"]
[White "Ozguner, Hakki Ata"]
[Black "Aydincelebi, Kagan"]
[Result "1/2-1/2"]
[WhiteElo "2077"]
[BlackElo "2249"]
[Annotator "NA RC"]
[PlyCount "76"]
[EventDate "2020.01.26"]
[EventType "swiss"]
[EventCountry "TUR"]
[SourceTitle "playchess.com"]
[Source "ChessBase"]
[SourceQuality "1"]

1. d4 d5 2. Bf4 Nf6 3. e3 c5 4. c3 Nc6 5. Nd2 e6 6. Ngf3 Bd6 7. Bg3 O-O 8. Bd3 b6 9. Qe2 Bb7 10. Rd1 Re8 11. e4 Be7 12. e5 Nh5 13. h4 Nxg3 14. fxg3 g6 15. a3 f5 16. Qe3 Kg7 17. O-O c4 18. Bb1 h5 19. Nh2 b5 20. Rde1 Rh8 21. Ndf3 a5 22. Qf4 Bc8 23. g4 hxg4 24. Nxg4 Bxh4 25. Nf6 Bxe1 26. Rxe1 Ra7 27. g4 Kf8 28. Kf2 Rg7 29. Rg1 Qe7 30. Rg2 Nd8 31. Ng5 Nf7 32. Nxf7 Qxf7 33. Rh2 Rgh7 34. Nxh7+ Rxh7 35. Rxh7 Qxh7 36. Qg5 Qh2+ 37. Kf1 Qh1+ 38. Kf2 Qh2+ 1/2-1/2

[Event "Turkey Cup 2020"]
[Site "Antalya-Belek"]
[Date "2020.01.30"]
[Round "8.11"]
[White "Gallevci, Yagiz"]
[Black "Caglar, Ahmet Ata"]
[Result "1/2-1/2"]
[WhiteElo "2186"]
[BlackElo "2065"]
[Annotator "NA"]
[PlyCount "90"]
[EventDate "2020.01.26"]
[EventType "swiss"]
[EventCountry "TUR"]
[SourceTitle "playchess.com"]
[Source "ChessBase"]
[SourceQuality "1"]

1. e4 c5 2. Nf3 Nc6 3. d4 cxd4 4. Nxd4 e5 5. Nb5 d6 6. N1c3 a6 7. Na3 b5 8. Nd5 Nge7 9. c4 Nd4 10. cxb5 Nxd5 11. exd5 Qh4 12. Be3 Be7 13. Bxd4 exd4 14. Bd3 Bg4 15. Be2 Bxe2 16. Qxe2 d3 17. Qxd3 Qb4+ 18. Qd2 Qe4+ 19. Kf1 O-O 20. Re1 Qh4 21. b6 Bd8 22. h3 Bxb6 23. g3 Qa4 24. Qd1 Qb4 25. Re2 f5 26. Qd2 Qxd2 27. Rxd2 f4 28. Nc4 Bc5 29. f3 fxg3 30. Kg2 Rf4 31. b3 Raf8 32. Rd3 Re8 33. Rd2 Ref8 34. Rf1 h5 35. Kxg3 h4+ 36. Kg2 R8f5 37. Rd3 Rg5+ 38. Kh2 Rff5 39. f4 Rxd5 40. Rfd1 Rxd3 41. Rxd3 Rf5 42. Nxd6 Rxf4 43. a4 Rf2+ 44. Kh1 Bxd6 45. Rxd6 Rf3 1/2-1/2

[Event "Turkey Cup 2020"]
[Site "Antalya-Belek"]
[Date "2020.01.30"]
[Round "8.12"]
[White "Koc, Ilkay"]
[Black "Pektas, Yigit"]
[Result "0-1"]
[WhiteElo "2007"]
[BlackElo "2155"]
[Annotator "NA"]
[PlyCount "52"]
[EventDate "2020.01.26"]
[EventType "swiss"]
[EventCountry "TUR"]
[SourceTitle "playchess.com"]
[Source "ChessBase"]
[SourceQuality "1"]

1. d4 Nf6 2. c4 e6 3. g3 d5 4. Nf3 Be7 5. Bg2 O-O 6. O-O dxc4 7. Qc2 a6 8. Qxc4 b5 9. Qc2 Bb7 10. Bd2 Be4 11. Qc1 Nc6 12. e3 b4 13. Rd1 Qd5 14. Ne1 Bxg2 15. Nxg2 Rfd8 16. Nf4 Qb5 17. a4 Qb7 18. Be1 e5 19. Ne2 Rd7 20. f4 exd4 21. exd4 Rad8 22. Qc4 Ng4 23. Rc1 Nxd4 24. Nxd4 Rxd4 25. Qe2 Re4 26. Qf1 Bf6 0-1

[Event "Turkey Cup 2020"]
[Site "Antalya-Belek"]
[Date "2020.01.30"]
[Round "8.13"]
[White "Yurtseven, Melih"]
[Black "Sahin, Handenur"]
[Result "1-0"]
[WhiteElo "2385"]
[BlackElo "2024"]
[Annotator "TA"]
[PlyCount "51"]
[EventDate "2020.01.26"]
[EventType "swiss"]
[EventCountry "TUR"]
[SourceTitle "playchess.com"]
[Source "ChessBase"]
[SourceQuality "1"]

1. d4 d5 2. c4 c6 3. Nf3 Nf6 4. Qc2 dxc4 5. e4 Bg4 6. Be3 Nbd7 7. Nbd2 Bxf3 8. Nxf3 e5 9. Bxc4 Bb4+ 10. Kf1 Bd6 11. h3 O-O 12. g3 Qe7 13. Re1 b5 14. dxe5 Nxe5 15. Nxe5 Bxe5 16. Bc5 Bd6 17. Bxd6 Qxd6 18. e5 Qd4 19. Bb3 Nd5 20. Qxc6 Nb4 21. Qxb5 Rab8 22. Qc4 Qxb2 23. Kg2 Qd2 24. Rd1 Qg5 25. Rhe1 h6 26. e6 1-0

[Event "Turkey Cup 2020"]
[Site "Antalya-Belek"]
[Date "2020.01.30"]
[Round "8.14"]
[White "Koksal, Ege"]
[Black "Demircin, Kasim"]
[Result "1-0"]
[WhiteElo "2368"]
[BlackElo "1915"]
[Annotator "TA"]
[PlyCount "79"]
[EventDate "2020.01.26"]
[EventType "swiss"]
[EventCountry "TUR"]
[SourceTitle "playchess.com"]
[Source "ChessBase"]
[SourceQuality "1"]

1. d4 d5 2. c4 e6 3. Nc3 Nf6 4. Nf3 Be7 5. Bg5 O-O 6. e3 Nbd7 7. Rc1 a6 8. cxd5 exd5 9. Bd3 h6 10. Bf4 c6 11. h3 Re8 12. O-O Nf8 13. Ne5 N6d7 14. Nxd7 Bxd7 15. Na4 Ne6 16. Bg3 b5 17. Nc3 Bf8 18. Nb1 c5 19. dxc5 Nxc5 20. Nc3 Be6 21. Bb1 Rc8 22. Qd4 b4 23. Ne2 Ne4 24. Bh2 Bc5 25. Qd3 Qb6 26. Nf4 Rcd8 27. Nxe6 fxe6 28. Qe2 Nf6 29. Be5 Nd7 30. Bg3 e5 31. Qc2 Rc8 32. Qh7+ Kf7 33. Qf5+ Nf6 34. Bxe5 Red8 35. Rfd1 Rc6 36. Bc2 Re6 37. Bb3 g6 38. Qf4 Bd6 39. Rxd5 Rxe5 40. Rxd6+ 1-0

[Event "Turkey Cup 2020"]
[Site "Antalya-Belek"]
[Date "2020.01.30"]
[Round "8.15"]
[White "Makaraci, Tunahan"]
[Black "Samani, Yamac"]
[Result "0-1"]
[WhiteElo "2029"]
[BlackElo "2259"]
[Annotator "NA RC"]
[PlyCount "84"]
[EventDate "2020.01.26"]
[EventType "swiss"]
[EventCountry "TUR"]
[SourceTitle "playchess.com"]
[Source "ChessBase"]
[SourceQuality "1"]

1. e4 e5 2. Nf3 Nc6 3. Nc3 Nf6 4. Bb5 Bd6 5. a3 O-O 6. d3 Re8 7. O-O h6 8. h3 Bf8 9. Be3 a6 10. Bc4 d6 11. Nd2 Ne7 12. f4 exf4 13. Bxf4 Ng6 14. Bg3 c6 15. Kh1 d5 16. Bb3 Be6 17. Qf3 Bd6 18. Bxd6 Qxd6 19. Rae1 Rad8 20. d4 Qc7 21. exd5 cxd5 22. Qf2 Ne7 23. Nf3 Nf5 24. Ne5 Qb6 25. g4 Nd6 26. Na4 Qc7 27. Nc5 Nde4 28. Nxe4 Nxe4 29. Qf4 f6 30. Nd3 Qb6 31. Qe3 Bf7 32. Nf4 Re7 33. Kg2 Qd6 34. Nd3 Rde8 35. Qf3 Qb6 36. Qe3 Qd6 37. Qf3 Nd2 38. Rxe7 Qxe7 39. Re1 Nxf3 40. Rxe7 Nh4+ 41. Kg3 Rxe7 42. Kxh4 Re3 0-1

[Event "Turkey Cup 2020"]
[Site "Antalya-Belek"]
[Date "2020.01.30"]
[Round "8.16"]
[White "Kilic, Efe Mert"]
[Black "Can, Furkan"]
[Result "1/2-1/2"]
[WhiteElo "2247"]
[BlackElo "1980"]
[Annotator "NA"]
[PlyCount "67"]
[EventDate "2020.01.26"]
[EventType "swiss"]
[EventCountry "TUR"]
[SourceTitle "playchess.com"]
[Source "ChessBase"]
[SourceQuality "1"]

1. e4 Nf6 2. e5 Nd5 3. d4 d6 4. Nf3 dxe5 5. Nxe5 c6 6. Be2 Bf5 7. O-O Nd7 8. Nf3 e6 9. c4 N5f6 10. Nc3 Be7 11. Nh4 Be4 12. Nxe4 Nxe4 13. Nf3 O-O 14. Qc2 Nef6 15. Bf4 c5 16. dxc5 Bxc5 17. Rad1 Qb6 18. Ne5 Rfd8 19. Bf3 Bd4 20. Qe2 Nxe5 21. Bxe5 Bxe5 22. Qxe5 Nd7 23. Qb5 Qxb5 24. cxb5 Rab8 25. b4 b6 26. Rc1 Ne5 27. Rc7 Nxf3+ 28. gxf3 Ra8 29. Rfc1 Kf8 30. Rb7 Rdb8 31. Rd7 Rd8 32. Rb7 Rdb8 33. Rd7 Rd8 34. Rb7 1/2-1/2

[Event "Turkey Cup 2020"]
[Site "Antalya-Belek"]
[Date "2020.01.30"]
[Round "8.17"]
[White "Agdelen, Huseyin Can"]
[Black "Demirbas, Emre"]
[Result "1-0"]
[WhiteElo "2199"]
[BlackElo "1944"]
[Annotator "NA"]
[PlyCount "61"]
[EventDate "2020.01.26"]
[EventType "swiss"]
[EventCountry "TUR"]
[SourceTitle "playchess.com"]
[Source "ChessBase"]
[SourceQuality "1"]

1. e4 c5 2. Nf3 e6 3. d4 cxd4 4. Nxd4 Nf6 5. Nc3 Nc6 6. a3 d5 7. Bb5 Bd7 8. exd5 Nxd4 9. Bxd7+ Qxd7 10. Qxd4 Nxd5 11. Nxd5 Qxd5 12. Qxd5 exd5 13. Be3 Rc8 14. O-O-O Bc5 15. Rhe1 O-O 16. Rxd5 Bxe3+ 17. Rxe3 Rc7 18. Rde5 f6 19. Re7 Rfc8 20. Rxc7 Rxc7 21. b4 Kf7 22. Kb2 g5 23. Kb3 Rd7 24. Rd3 Re7 25. Rd2 h5 26. c4 f5 27. c5 a6 28. b5 axb5 29. Kb4 f4 30. Kxb5 g4 31. Rd4 1-0